มุมมองปกติ
มุมมองแบบ MARC
- สำนักบริการทางการแพทย์ประจำรัฐสภา
รายการ Corporate Name
001 - CONTROL NUMBER
- control field: 62572
003 - CONTROL NUMBER IDENTIFIER
- control field: NALT
005 - DATE AND TIME OF LATEST TRANSACTION
- control field: 20240111154918.0
008 - FIXED-LENGTH DATA ELEMENTS
- fixed length control field: 240111|| aca||aabn | a|a d
040 ## - CATALOGING SOURCE
- Original cataloging agency: NALT
110 24 - HEADING--CORPORATE NAME
- Corporate name or jurisdiction name as entry element: สำนักบริการทางการแพทย์ประจำรัฐสภา
- General subdivision: โครงสร้าง
